Yüklüyor......
Bhima : Lone Warrior
| Yazar: | |
|---|---|
| Materyal Türü: | Printed Book |
| Dil: | English |
| Baskı/Yayın Bilgisi: |
Newyork
Harper Perennial
2013
|
| LEADER | 00541nam a22001697a 4500 | ||
|---|---|---|---|
| 008 | 160502b xxu||||| |||| 00| 0 eng d | ||
| 020 | |a 9789350297599 | ||
| 082 | |a 823 VAS'13 | ||
| 100 | |a Vasudevan Nair | ||
| 245 | |a Bhima : Lone Warrior | ||
| 260 | |a Newyork |b Harper Perennial |c 2013 | ||
| 300 | |a 373p. | ||
| 500 | |a Fiction | ||
| 650 | |2 Fiction | ||
| 942 | |2 ddc |c BK | ||
| 999 | |c 9373 |d 9373 | ||
| 952 | |0 0 |1 0 |2 ddc |4 0 |6 823_000000000000000_VAS13 |7 0 |9 13001 |a NUALS |b NUALS |c FIC |d 2016-05-02 |g 450.00 |l 9 |o 823 VAS'13 |p 12761 |r 2019-02-18 |s 2019-02-07 |w 2016-05-02 |y BK | ||